02038cam a2200469 i 450000100090000000300050000900500170001400800410003101000170007202000300008902000300011902000260014903800100017504000280018504200080021304300120022105000230023308200280025610000360028424500820032025000190040226000480042130000450046933600260051433700280054033800270056852002670059556300070086260000480086965000770091765000460099465000710104065000510111165000510116265000260121365100850123965100710132490600450139594200120144099900190145295200970147120703671NUST20220828195128.0181012s2019 nyua 000 0aeng  a 2018048035 a9781538729809 (hardcover) a9781538729823 (paperback) z9781538729816 (ebook) aAzhar aDLCbengcDLCerdadDLC apcc an-us-mo00aF472.O93bG45 201900a977.8493092aB223bGEI1 aGeist, William,eauthor.99380510aLake of the Ozarks :bmy surreal summers in a vanishing America cBill Geist. aFirst edition. aNew York :bGrand Central Publishing,c2019 axii, 195 pages :billustrations ;c22 cm atextbtxt2rdacontent aunmediatedbn2rdamedia avolumebnc2rdacarrier a"Bill Geist reflects on his coming of age in the American heartland of the Midwest and traces his evolution as a man and a writer, in the summers between high school and college, before he went off to Vietnam and the country went to Hell."--Provided by publisher aHB10aGeist, WilliamxChildhood and youth.993806 0aSummer resortszMIssourizOzarks, Lake of the, RegionvAnecdotes.993807 0aTeenage boyszMissourivBiography.993808 0aTeenagerszMissourixSocial life and customsy20th century.993809 0aSummer employmentzMissourivAnecdotes.993810 0aYouthxEmploymentzMissourivAnecdotes.993811 0aComing of age.993812 0aOzarks, Lake of the, Region (Mo.)xSocial life and customsy20th century.993813 0aMissourixSocial life and customsy20th centuryvAnecdotes.993814 a7bcbccorignewd1eecipf20gy-gencatlg 2ddccLC c590355d590355 00102ddc4070aCLbCLcLCd2022-07-19o977.8493092 GEIpLC-93r2022-07-19w2022-07-19yREF